00361nam a2200145Ia 4500008004100000041000800041082001300049100002000062245004200082250000600124260004100130300001800171440000600189650002000195210716s1964 xx 000 0 und d aeng a170 LITC aLitzinger, C I. aCommentary on the nicomachean ethics. a1 aChicagobHenry Regnery Companyc1964 axiii,537-1000 v1 aBusiness Ethics